000 00755nam a22002537a 4500
003 UA-OsUOA
001 27913
007 ta
008 20040916b un ||||| |||| 00| 0 ukr d
100 _aЩербина В.А.
090 _a796.015.2
_bЩ60
942 _cBK
040 _aUA-OsUOA
_bukr
_cUA-OsUOA
_dUA-OsUOA
245 _aФізична культура і біогуманітарна підготовка студентів вузів
_bНавчальний посібник
300 _a208 с.
955 _a0
041 _aukr
080 _a796.015.2
020 _a5-7763-9455-4
260 _aКиїв
_bІнститут Системних Досліджень Освіти
_c1995
044 _aUA
650 7 _2UDC
999 _c314265
_d314265